Historical Execution Methods - Statistics

General Stats
  • This quiz has been taken 122 times
  • The average score is 10 of 20
Answer Stats
Picture Answer % Correct
Gallows
96%
Electric Chair
92%
Stoning
86%
Crucifixion
85%
Burnt at The Stake
83%
Firing Squad
77%
Lethal Injection
76%
Walking The Plank
73%
Iron Maiden
64%
Brazen Bull
48%
Blood Eagle
46%
Flaying
38%
Impalement
38%
Seppuku
35%
Breaking Wheel
23%
Keelhauling
20%
Gibbet
19%
Scaphism
14%
Oubliette
11%
Poena Cullei
7%
No matching quizzes found
Score Distribution
Percent of People with Each Score
Percentile by Number Answered
Your Score History
You have not taken this quiz